Score 0/7 Timer 01:00
0 Plays Today
% Correct
Tom Brady
88.4%
Joe Montana
81%
Terry Bradshaw
75.6%
John Elway
66.7%
Peyton Manning
63.9%
Jim Kelly
63.1%
Roger Staubach
47.2%

Today's Daily Dose

You're not logged in!

Compare scores with friends on all Sporcle quizzes.
OR
Log In

Sporcle TV

Today on Sporcle TV


Watch our educational content, quiz creation guides, and fun videos on Sporcle TV.

Show Comments

Extras

Top Quizzes Today


Score Distribution

Paid Content

Your Account Isn't Verified!

In order to create a playlist on Sporcle, you need to verify the email address you used during registration. Go to your Sporcle Settings to finish the process.

Report this User

Report this user for behavior that violates our Community Guidelines.

Details: